000 00973nam0a2200253 4500
001 RU\NLR\BIBL_A\011674078
005 20250626110152.0
010 _9500
035 _a(NLR Aleph) 011674078
090 _a13416285
_c13416285
100 _a20180409d1983 |||y0rusy50 ca
101 0 _aaze
102 _aAZ
105 _ay z 000 y
200 1 _aИнкишаф етмиш сосиализм шәраитиндә советләрә партиjа рәһбәрлиjи
_fЗ. Б. Шыхлински, тарих елм. доктору, профессор
210 _aБакы
_cБилик
_d1983
215 _a56 с.
_d20
541 1 _aПартийное руководство советами в условиях развитого социализма
700 1 _aШыхлински
_bЗ. Б.
_4070
790 1 _aШихлинский
_bЗ. Б.
_gЗакир Бурзу оглы
_4070
852 _aNLR
_bОНЛ
_jАзерб./2-20441
942 _cBOOK
980 _aNB